Bee Gees - Sudden Death - Statistics

General Stats
  • This quiz has been taken 79 times
  • The average score is 10 of 20
Answers on the Grid
Answers color-coded by a green-red scale on the quiz's grid according to % correct below.
Alone
Calling Occupants of Interplanetary Craft
The Chain
Cold As Ice
Could It Be Magic
Don't Forget to Remember
Easy Lover
Every Christian Lion Hearted Man Will Show You
Fanny
First of May
For Whom the Bell Tolls
How Can You Mend a Broken Heart
How Deep Is Your Love
I Started a Joke
If You Leave Me Now
Immortality
Jive Talkin'
Keep On Loving You
Massachusetts
More Than Words
New York Mining Disaster 1941
Night Fever
One of These Nights
Rich Girl
Run to Me
Shine a Little Love
So You Win Again
Spicks and Specks
Stayin' Alive
Summer Night City
To Love a Woman
Too Much Heaven
Tragedy
We Don't Talk Anymore
With a Little Luck
Wonderous Stories
World
Young Turks
Your Mother Should Know
Your Wildest Dreams
 
Answer Stats
Answer % Correct
Jive Talkin'
92%
How Deep Is Your Love
86%
Night Fever
80%
Massachusetts
76%
Stayin' Alive
76%
I Started a Joke
72%
Tragedy
70%
New York Mining Disaster 1941
64%
How Can You Mend a Broken Heart
60%
Too Much Heaven
56%
Fanny
38%
Run to Me
36%
Alone
34%
First of May
30%
Immortality
24%
For Whom the Bell Tolls
22%
Spicks and Specks
22%
Don't Forget to Remember
18%
Every Christian Lion Hearted Man Will Show You
16%
World
14%
No matching quizzes found
Score Distribution
Percent of People with Each Score
Percentile by Number Answered
Your Score History
You have not taken this quiz